Mechaničeskaja obrabotka zakalennych stalej /
Salvato in:
| Autore principale: | |
|---|---|
| Natura: | Libro |
| Lingua: | russo |
| Pubblicazione: |
Moskva :
Mašgiz,
1958
|
| Soggetti: | |
| Tags: |
Nessun Tag, puoi essere il primo ad aggiungerne!!
|
MARC
| LEADER | 00000nam a22000003a 4500 | ||
|---|---|---|---|
| 001 | stu41338 | ||
| 005 | 20150617225719.4 | ||
| 008 | 931122s1958----xxr-----------------rus-d | ||
| 040 | |a STU |b slo | ||
| 041 | 0 | |a rus | |
| 044 | |a xxr | ||
| 080 | |a 621.9.041 | ||
| 100 | 1 | |a Reznickij, L.M |4 aut | |
| 245 | 1 | |a Mechaničeskaja obrabotka zakalennych stalej / |c [aut.]L.M. Reznickij | |
| 260 | |a Moskva : |b Mašgiz, |c 1958 | ||
| 300 | |a 398 s | ||
| 650 | 7 | |a Obrábanie mechanické |2 stusub | |
| 996 | |b 284M020067 |c M*3711-1 |l MMKN |s A |a 24 |w stu41338_0001 | ||